000 01001nam a22003017a 4500
003 CHAP
005 20220329133915.0
008 971013s r 00010 d
010 _a12564
011 _a13536
035 _a17608
040 _cCHAP
090 _aR-1667
100 0 0 _aGiordano, P. M.
_948099
245 _aResponsable of corp to Zn in ortho-and pyrophosphate fertilizers, as arteted by soil temperature and moisture
500 _aSobretiro de : Agronomy J. 70:531-534, 1978
590 _aBATCH-UPD
_b10
_c20130110
_lUCH01
_h0108
590 _aBATCH-UPD
_b10
_c20130110
_lUCH01
_h1914
590 _aBATCH-UPD
_b10
_c20130409
_lUCH01
_h2059
590 _aBATCH-UPD
_b10
_c20130914
_lUCH01
_h1543
590 _aCONVERSION
_b10
_c20130109
_lUCH01
_h1308
650 1 4 _aSuelos
_xHumedad.
_9110391
650 1 4 _aSuelos
_xTemperatura
_xEfecto en plantas.
_9110492
650 1 4 _aZinc
_xEfecto en maĆ­z.
_9124061
901 _aBK
942 _cREIMP
949 _aR-1667
_bBC
_cR
_d-41430
_eTS1
_i17608
_si
999 _c12564
_d12564